00379nam a2200145 a 4500008004100000020001500041050001500056100001600071245005300087260002900140300002000169350000900189650001900198650001600217100119s1996 ||||||||||||||||| || u a0340631910 aTJ 267 Lew aLewis, R. I10aTurbomachinery performance analysiscR. I. Lewis aNew YorkbElsevierc1996 axv, 328p.: ill. a0.00 aTURBO MACHINES aENGINEERING